[Event "British Columbia-ch U20"]
[Site "Vancouver CAN"]
[Date "2004.11.27"]
[Round "3.6"]
[White "Jiang, Louie"]
[Black "Raymer, Evan"]
[Result "1/2-1/2"]
[WhiteElo "1723"]
[BlackElo "1661"]
[PlyCount "117"]
[GameId "2160767911052439"]
[EventDate "2004.11.26"]
[EventType "swiss"]
[EventRounds "5"]
[EventCountry "CAN"]
[SourceTitle "Scoresheets"]

1. e4 c5 2. Nf3 d6 3. d4 cxd4 4. Nxd4 Nf6 5. Nc3 a6 6. Be3 e6 7. f4 Nbd7 8. Be2 Qc7 9. Bf3 Be7 10. O-O O-O 11. Nb3 Rb8 12. a4 b6 13. Qd2 Bb7 14. Rfd1 Rfd8 15. Qf2 Nc5 16. Nxc5 bxc5 17. b3 d5 18. exd5 exd5 19. Ne2 Ne4 20. Bxe4 dxe4 21. f5 Bd6 22. Nf4 Be5 23. Rac1 Bd4 24. Bxd4 cxd4 25. f6 Rd6 26. Qg3 g6 27. Ne2 Qd8 28. Qe5 Qxf6 29. Qxf6 Rxf6 30. Rxd4 e3 31. Rd3 Rf2 32. Rxe3 Rxg2+ 33. Kf1 Rxh2 34. c4 Rd8 35. c5 Bc6 36. Ke1 Rh1+ 37. Kf2 Rxc1 38. Nxc1 Rd2+ 39. Re2 Rxe2+ 40. Nxe2 Kf8 41. Nd4 Ba8 42. Ke3 Ke7 43. Kf4 h5 44. Kg5 Be4 45. Kf4 Bd5 46. b4 f6 47. b5 axb5 48. axb5 Be6 49. b6 g5+ 50. Kf3 Bd5+ 51. Ke3 Kd7 52. Kf2 h4 53. Nf5 Ba8 54. Nd4 g4 55. Nf5 Kc6 56. Nxh4 Kxc5 57. Kg3 Bf3 58. Nxf3 Kxb6 59. Kxg4 1/2-1/2

[Event "British Columbia-ch U20"]
[Site "Vancouver CAN"]
[Date "2004.11.27"]
[Round "3.7"]
[White "Tang, Tiffany"]
[Black "Raymer, Elliot"]
[Result "0-1"]
[WhiteElo "1721"]
[BlackElo "1518"]
[PlyCount "57"]
[GameId "2160767911052440"]
[EventDate "2004.11.26"]
[EventType "swiss"]
[EventRounds "5"]
[EventCountry "CAN"]
[SourceTitle "Scoresheets"]

1. e4 e5 2. Nf3 Nc6 3. Bb5 a6 4. Ba4 b5 5. Bb3 Bc5 6. O-O Nf6 7. d3 O-O 8. c3 d6 9. h3 h6 10. Re1 Be6 11. Bc2 Qb8 12. d4 exd4 13. cxd4 Bb4 14. Bd2 Bxd2 15. Nbxd2 Bd7 16. Rc1 Re8 17. Nf1 Re7 18. Ng3 Qe8 19. Qd2 Nd8 20. e5 dxe5 21. dxe5 Nh7 22. Bxh7+ Kxh7 23. Rxc7 Nc6 24. Rd1 Rd8 25. Qc2+ Kg8 26. Nf5 Bxf5 27. Rxd8 Qxd8 28. Qxc6 Qxc7 29. Qxa6 0-1

[Event "British Columbia-ch U20"]
[Site "Vancouver CAN"]
[Date "2004.11.28"]
[Round "4.1"]
[White "Davies, Lucas"]
[Black "Meng, Fanhao"]
[Result "1/2-1/2"]
[WhiteElo "2143"]
[BlackElo "2264"]
[PlyCount "50"]
[GameId "2160767911052441"]
[EventDate "2004.11.26"]
[EventType "swiss"]
[EventRounds "5"]
[EventCountry "CAN"]
[SourceTitle "Scoresheets"]

1. e4 e5 2. Nf3 Nc6 3. Bb5 a6 4. Ba4 Nf6 5. O-O Be7 6. Re1 b5 7. Bb3 O-O 8. c3 d6 9. h3 Nb8 10. d4 Nbd7 11. Nbd2 Bb7 12. Bc2 Re8 13. Nf1 Bf8 14. Ng3 c5 15. a4 Qc7 16. d5 c4 17. Be3 g6 18. Qe2 Bg7 19. Ra3 Nc5 20. Rea1 Nfd7 21. Nd2 Nb6 22. axb5 axb5 23. Rxa8 Rxa8 24. Rxa8+ Bxa8 25. b3 Bb7 1/2-1/2

[Event "British Columbia-ch U20"]
[Site "Vancouver CAN"]
[Date "2004.11.28"]
[Round "4.2"]
[White "Kostin, Andrey"]
[Black "Daswani, Benedict"]
[Result "1/2-1/2"]
[WhiteElo "2046"]
[BlackElo "1912"]
[PlyCount "58"]
[GameId "2160767911052442"]
[EventDate "2004.11.26"]
[EventType "swiss"]
[EventRounds "5"]
[EventCountry "CAN"]
[SourceTitle "Scoresheets"]

1. d4 g6 2. c4 Bg7 3. g3 c6 4. Bg2 d5 5. Nf3 Bf5 6. Nc3 Nf6 7. Qb3 b6 8. cxd5 Nxd5 9. O-O Nxc3 10. bxc3 O-O 11. Bf4 Be4 12. Rad1 Nd7 13. c4 Qc8 14. Qe3 Nf6 15. Bg5 Bxf3 16. Qxf3 Qa6 17. Qb3 Rac8 18. e4 h6 19. Bf4 Nd7 20. Bh3 Rcd8 21. Rfe1 e5 22. Bxd7 exf4 23. Bxc6 fxg3 24. e5 Qc8 25. d5 gxh2+ 26. Kxh2 Qg4 27. Qe3 Qh4+ 28. Kg1 Qg4+ 29. Kh2 Qh5+ 1/2-1/2

[Event "British Columbia-ch U20"]
[Site "Vancouver CAN"]
[Date "2004.11.28"]
[Round "4.3"]
[White "Churchill, Sam"]
[Black "Huang, Richard"]
[Result "1-0"]
[WhiteElo "1586"]
[BlackElo "1414"]
[PlyCount "81"]
[GameId "2160767911052443"]
[EventDate "2004.11.26"]
[EventType "swiss"]
[EventRounds "5"]
[EventCountry "CAN"]
[SourceTitle "Scoresheets"]

1. e4 c5 2. b3 e6 3. Bb2 Nc6 4. Bb5 Qc7 5. Ne2 a6 6. Bxc6 Qxc6 7. d3 d6 8. O-O Qc7 9. f4 Bd7 10. Nd2 Bc6 11. Qe1 d5 12. exd5 Bxd5 13. Nc3 Bc6 14. Nc4 Be7 15. Ne4 Bxe4 16. Bxg7 Bf6 17. Bxh8 Bxa1 18. Bxa1 Bd5 19. Be5 Qe7 20. Nb6 Rd8 21. Qg3 Nh6 22. Re1 f6 23. Bb2 Kf7 24. Nxd5 Rxd5 25. Qh3 Nf5 26. Qxh7+ Ng7 27. g4 Qc7 28. f5 exf5 29. Bc1 f4 30. Re4 Qd7 31. h3 Re5 32. Bxf4 Rxe4 33. Qxe4 Qd4+ 34. Qxd4 cxd4 35. Kf2 Ne6 36. Kf3 Nd8 37. Ke4 Nc6 38. a3 Ke6 39. h4 b5 40. h5 a5 41. Bc7 1-0

[Event "British Columbia-ch U20"]
[Site "Vancouver CAN"]
[Date "2004.11.28"]
[Round "4.4"]
[White "Gaciu, Vlad"]
[Black "Petrov, Ivan"]
[Result "1/2-1/2"]
[WhiteElo "1594"]
[BlackElo "1664"]
[PlyCount "43"]
[GameId "2160767911052444"]
[EventDate "2004.11.26"]
[EventType "swiss"]
[EventRounds "5"]
[EventCountry "CAN"]
[SourceTitle "Scoresheets"]

1. d4 d5 2. Nf3 Nf6 3. e3 c5 4. c3 e6 5. Bd3 Nc6 6. Nbd2 Bd6 7. O-O O-O 8. dxc5 Bxc5 9. e4 b6 10. Qc2 g6 11. exd5 Nxd5 12. Ne4 Be7 13. Bh6 Re8 14. Rad1 Bb7 15. Neg5 Bf8 16. Bxf8 Rxf8 17. Bxg6 hxg6 18. Nxe6 fxe6 19. Qxg6+ Kh8 20. Qh6+ Kg8 21. Qg6+ Kh8 22. Qh6+ 1/2-1/2

[Event "British Columbia-ch U20"]
[Site "Vancouver CAN"]
[Date "2004.11.28"]
[Round "4.5"]
[White "Raymer, Elliot"]
[Black "Sum, Peter"]
[Result "0-1"]
[WhiteElo "1518"]
[BlackElo "1766"]
[PlyCount "46"]
[GameId "2160767911052445"]
[EventDate "2004.11.26"]
[EventType "swiss"]
[EventRounds "5"]
[EventCountry "CAN"]
[SourceTitle "Scoresheets"]

1. e4 g6 2. d4 d6 3. Nf3 Bg7 4. Bc4 Nf6 5. Nc3 O-O 6. Bg5 Nbd7 7. Qd2 c5 8. O-O a6 9. a4 Rb8 10. b3 Re8 11. Bh6 cxd4 12. Nxd4 Bh8 13. Ne6 Qa5 14. Nf4 Ng4 15. Nfe2 Nxh6 16. Qxh6 Bxc3 17. Nxc3 Qxc3 18. Rad1 Qg7 19. Qe3 Nc5 20. b4 Nxa4 21. Qa3 Nb2 22. Qb3 Nxd1 23. Rxd1 b5 0-1

[Event "British Columbia-ch U20"]
[Site "Vancouver CAN"]
[Date "2004.11.28"]
[Round "4.6"]
[White "Raymer, Evan"]
[Black "Trandafir, Stefan"]
[Result "1-0"]
[WhiteElo "1661"]
[BlackElo "1581"]
[PlyCount "109"]
[GameId "2160767911052446"]
[EventDate "2004.11.26"]
[EventType "swiss"]
[EventRounds "5"]
[EventCountry "CAN"]
[SourceTitle "Scoresheets"]

1. e4 c5 2. Nc3 d6 3. g3 Nc6 4. Bg2 g6 5. d3 Bg7 6. Nge2 e6 7. f4 Nge7 8. Be3 O-O 9. O-O a6 10. g4 f5 11. gxf5 exf5 12. Ng3 Rb8 13. Qd2 Qa5 14. Nd1 Qxd2 15. Bxd2 Bd7 16. c3 Rbc8 17. Ne3 b5 18. Rae1 a5 19. Rf2 Be6 20. a3 Bh6 21. Bh3 Nd8 22. exf5 Bxf5 23. Nexf5 Nxf5 24. Nxf5 gxf5 25. Rg2+ Kh8 26. Re7 Ra8 27. Rd7 Rf6 28. Re2 Bf8 29. Re8 b4 30. Rdxd8 Rxd8 31. Rxd8 Kg7 32. axb4 axb4 33. cxb4 cxb4 34. Bxb4 Kg6 35. Bc3 Rf7 36. b4 Kh5 37. Kf2 Bh6 38. Kf3 Rc7 39. Bf6 Rc6 40. Bxf5 d5 41. Be7 Bg7 42. Rxd5 Rc1 43. Be4+ Kh6 44. Bg5+ Kh5 45. Bf6+ Kh6 46. Bxg7+ Kxg7 47. Rd7+ Kg8 48. Rxh7 Rb1 49. Rb7 Kh8 50. b5 Rf1+ 51. Ke3 Re1+ 52. Kd4 Ra1 53. b6 Ra5 54. Rh7+ Kg8 55. b7 1-0

[Event "British Columbia-ch U20"]
[Site "Vancouver CAN"]
[Date "2004.11.28"]
[Round "4.7"]
[White "Tang, Tiffany"]
[Black "Jiang, Louie"]
[Result "0-1"]
[WhiteElo "1721"]
[BlackElo "1723"]
[PlyCount "126"]
[GameId "2160767911052447"]
[EventDate "2004.11.26"]
[EventType "swiss"]
[EventRounds "5"]
[EventCountry "CAN"]
[SourceTitle "Scoresheets"]

1. e4 c5 2. Nc3 d6 3. g3 g6 4. Bg2 Bg7 5. d3 Nc6 6. Be3 Nf6 7. h3 O-O 8. Qd2 Bd7 9. Nge2 Rb8 10. a4 a6 11. O-O Ne8 12. d4 cxd4 13. Nxd4 Nc7 14. Nxc6 bxc6 15. Rab1 c5 16. Bh6 Ne6 17. Bxg7 Kxg7 18. Rfd1 Nd4 19. b3 Bxh3 20. Ne2 Bg4 21. Nxd4 Bxd1 22. Nc6 Qc8 23. Nxb8 Bg4 24. Nxa6 Qxa6 25. Qc3+ e5 26. Bf1 Qc6 27. f3 Be6 28. Bb5 Qb6 29. Kg2 Rc8 30. Bc4 Qb4 31. Qxb4 cxb4 32. Bd3 f5 33. Rb2 d5 34. Ra2 dxe4 35. fxe4 Ra8 36. a5 Bd7 37. Kf2 Kf6 38. a6 Ra7 39. exf5 gxf5 40. Ra1 Ke6 41. Rh1 Be8 42. Rh4 e4 43. Be2 Kd6 44. Ke3 Ke5 45. Rf4 Rc7 46. g4 Rc3+ 47. Bd3 exd3 48. Rxf5+ Ke6 49. cxd3 Rxb3 50. a7 Ra3 51. Rf4 b3 52. Rb4 Rxa7 53. Rxb3 Rg7 54. Rb6+ Ke7 55. Rb4 Bd7 56. Kf3 Kf6 57. Rf4+ Kg6 58. d4 Rf7 59. d5 Rxf4+ 60. Kxf4 Kf6 61. d6 h6 62. Kf3 Kg5 63. Kg3 Bxg4 0-1

[Event "British Columbia-ch U20"]
[Site "Vancouver CAN"]
[Date "2004.11.28"]
[Round "5.1"]
[White "Meng, Fanhao"]
[Black "Kostin, Andrey"]
[Result "0-1"]
[WhiteElo "2264"]
[BlackElo "2046"]
[PlyCount "38"]
[GameId "2160767911052448"]
[EventDate "2004.11.26"]
[EventType "swiss"]
[EventRounds "5"]
[EventCountry "CAN"]
[SourceTitle "Scoresheets"]

1. e4 e5 2. Nf3 Nc6 3. Bb5 f5 4. Nc3 fxe4 5. Nxe4 Nf6 6. Qe2 d5 7. Ng3 Bd6 8. Nxe5 O-O 9. Nxc6 bxc6 10. Bxc6 Rb8 11. O-O Rb6 12. Ba4 Ng4 13. h3 Nxf2 14. Rxf2 Bxg3 15. Rxf8+ Qxf8 16. Bb3 Rf6 17. Bxd5+ Kh8 18. Bc4 Bb7 19. Qd3 Qc5+ 0-1

[Event "British Columbia-ch U20"]
[Site "Vancouver CAN"]
[Date "2004.11.28"]
[Round "5.2"]
[White "Daswani, Benedict"]
[Black "Davies, Lucas"]
[Result "1/2-1/2"]
[WhiteElo "1912"]
[BlackElo "2143"]
[PlyCount "46"]
[GameId "2160767911052449"]
[EventDate "2004.11.26"]
[EventType "swiss"]
[EventRounds "5"]
[EventCountry "CAN"]
[SourceTitle "Scoresheets"]

1. g3 g6 2. d3 Bg7 3. Bg2 d6 4. Nc3 Nc6 5. e4 e5 6. Nge2 f5 7. f4 Nf6 8. h3 O-O 9. Be3 Be6 10. Qd2 d5 11. exd5 Nxd5 12. Nxd5 Bxd5 13. Bxd5+ Qxd5 14. Rf1 Nd4 15. Bxd4 exd4 16. b3 Rfe8 17. O-O-O Re6 18. Rde1 Rae8 19. Ng1 Rxe1+ 20. Rxe1 Rxe1+ 21. Qxe1 Kf7 22. Qf2 Qe6 23. Nf3 Qe7 1/2-1/2

[Event "British Columbia-ch U20"]
[Site "Vancouver CAN"]
[Date "2004.11.28"]
[Round "5.3"]
[White "Sum, Peter"]
[Black "Churchill, Sam"]
[Result "1/2-1/2"]
[WhiteElo "1766"]
[BlackElo "1586"]
[PlyCount "48"]
[GameId "2160767911052450"]
[EventDate "2004.11.26"]
[EventType "swiss"]
[EventRounds "5"]
[EventCountry "CAN"]
[SourceTitle "Scoresheets"]

1. d4 Nf6 2. c4 c5 3. Nf3 cxd4 4. Nxd4 e5 5. Nf3 Bc5 6. Nc3 d6 7. g3 Qb6 8. e3 Bg4 9. Qa4+ Nc6 10. Bg2 O-O 11. O-O Rfd8 12. Ng5 Ne7 13. Nge4 Nxe4 14. Nxe4 Bd7 15. Qc2 f5 16. Nc3 Bc6 17. e4 Rf8 18. Bg5 Rae8 19. Bxe7 Rxe7 20. exf5 Bxg2 21. Kxg2 Ref7 22. Nd5 Qd8 23. Ne3 Qg5 24. Qe4 Bxe3 1/2-1/2

[Event "British Columbia-ch U20"]
[Site "Vancouver CAN"]
[Date "2004.11.28"]
[Round "5.4"]
[White "Petrov, Ivan"]
[Black "Raymer, Evan"]
[Result "1-0"]
[WhiteElo "1664"]
[BlackElo "1661"]
[PlyCount "43"]
[GameId "2160767911052451"]
[EventDate "2004.11.26"]
[EventType "swiss"]
[EventRounds "5"]
[EventCountry "CAN"]
[SourceTitle "Scoresheets"]

1. d4 Nf6 2. c4 e6 3. Nf3 d5 4. Nc3 Be7 5. Bf4 O-O 6. e3 b6 7. Bd3 Bb7 8. O-O Nbd7 9. Rc1 Rc8 10. cxd5 exd5 11. Nb5 Ne8 12. Nxa7 Ra8 13. Nb5 c5 14. a3 Ra5 15. Nc3 Nd6 16. Bb1 Nf6 17. Ne5 Ba6 18. Re1 Qc8 19. Qc2 Nc4 20. Nxd5 cxd4 21. Nxf6+ Bxf6 22. Qxh7# 1-0

[Event "British Columbia-ch U20"]
[Site "Vancouver CAN"]
[Date "2004.11.28"]
[Round "5.5"]
[White "Huang, Richard"]
[Black "Gaciu, Vlad"]
[Result "1/2-1/2"]
[WhiteElo "1414"]
[BlackElo "1594"]
[PlyCount "31"]
[GameId "2160767911052452"]
[EventDate "2004.11.26"]
[EventType "swiss"]
[EventRounds "5"]
[EventCountry "CAN"]
[SourceTitle "Scoresheets"]

1. e4 c6 2. d4 d5 3. exd5 cxd5 4. Nf3 Bg4 5. Be2 Nc6 6. c3 Nf6 7. Nbd2 e6 8. h3 Bh5 9. O-O Bd6 10. Re1 O-O 11. Qc2 Rc8 12. Qd1 a6 13. Nb3 Re8 14. Bg5 h6 15. Be3 Qc7 16. Qc1 1/2-1/2

[Event "British Columbia-ch U20"]
[Site "Vancouver CAN"]
[Date "2004.11.28"]
[Round "5.6"]
[White "Jiang, Louie"]
[Black "Raymer, Elliot"]
[Result "1-0"]
[WhiteElo "1723"]
[BlackElo "1518"]
[PlyCount "105"]
[GameId "2160767911052453"]
[EventDate "2004.11.26"]
[EventType "swiss"]
[EventRounds "5"]
[EventCountry "CAN"]
[SourceTitle "Scoresheets"]

1. e4 e5 2. Nf3 Nc6 3. Bb5 a6 4. Ba4 b5 5. Bb3 Bc5 6. O-O Nf6 7. Nxe5 Nxe5 8. d4 Bxd4 9. Qxd4 Nc6 10. Qd1 O-O 11. Re1 Re8 12. Bg5 h6 13. Bh4 Bb7 14. f3 Ne5 15. Nc3 Ng6 16. Bg3 Nh5 17. Bf2 d6 18. Nd5 Rc8 19. Qd2 Bxd5 20. Bxd5 Nhf4 21. Rad1 Qg5 22. Bg3 h5 23. Bxf4 Qxf4 24. Qxf4 Nxf4 25. Bc6 Red8 26. g3 Ne6 27. Rd5 g6 28. Red1 Rb8 29. R5d2 Ng5 30. Kf2 Rb6 31. Bd5 c6 32. Bb3 c5 33. c3 c4 34. Bc2 Ne6 35. e5 Nc7 36. Rxd6 Rbxd6 37. Rxd6 Rxd6 38. exd6 Ne6 39. Ke3 Kf8 40. Ke4 Ke8 41. f4 Kd7 42. Kd5 f5 43. b3 Nd8 44. bxc4 bxc4 45. Ba4+ Kc8 46. Kxc4 Kb7 47. Kd5 Kc8 48. c4 Nb7 49. Be8 a5 50. c5 Kd8 51. c6 Nxd6 52. Kxd6 Kxe8 53. c7 1-0

[Event "British Columbia-ch U20"]
[Site "Vancouver CAN"]
[Date "2004.11.28"]
[Round "5.7"]
[White "Trandafir, Stefan"]
[Black "Tang, Tiffany"]
[Result "0-1"]
[WhiteElo "1581"]
[BlackElo "1721"]
[PlyCount "56"]
[GameId "2160767911052454"]
[EventDate "2004.11.26"]
[EventType "swiss"]
[EventRounds "5"]
[EventCountry "CAN"]
[SourceTitle "Scoresheet"]

1. e4 c5 2. d4 cxd4 3. c3 dxc3 4. Nxc3 Nc6 5. Bc4 d6 6. Nf3 a6 7. O-O Nf6 8. Qe2 Bg4 9. Rd1 Qc7 10. Bf4 e6 11. Rac1 Qb8 12. a3 Be7 13. Qd3 Bxf3 14. Qxf3 O-O 15. Qg3 Rd8 16. Ba2 Nh5 17. Qg4 Nxf4 18. Qxf4 Qa7 19. Rd3 Rac8 20. Rh3 Qd4 21. Qg4 Qd2 22. Rb1 Ne5 23. Qh5 h6 24. Rg3 Rc5 25. Qh3 d5 26. exd5 exd5 27. Qf5 d4 28. Nd1 Qe1# 0-1

[Event "CAN-ch"]
[Site "Toronto CAN"]
[Date "2004.08.20"]
[Round "1"]
[White "Dougherty, Michael"]
[Black "Goutor, Valentina"]
[Result "1-0"]
[WhiteElo "2229"]
[BlackElo "1915"]
[PlyCount "69"]
[GameId "2160767911077816"]
[EventDate "2004.08.20"]
[EventType "swiss"]
[EventRounds "11"]
[EventCountry "CAN"]
[SourceTitle "CBM 101 Extra"]
[Source "ChessBase"]
[SourceDate "2004.09.01"]
[SourceVersion "2"]
[SourceVersionDate "2004.09.01"]
[SourceQuality "1"]

1. Nf3 Nf6 2. c4 g6 3. Nc3 Bg7 4. e4 d6 5. d4 O-O 6. Bg5 h6 7. Bh4 g5 8. Bg3 Nh5 9. Be2 Nd7 10. Qd2 e5 11. dxe5 dxe5 12. O-O-O Nf4 13. h4 c6 14. hxg5 hxg5 15. Bxf4 exf4 16. Rh5 f6 17. c5 Qa5 18. Bc4+ Rf7 19. e5 Qxc5 20. Qe2 Nf8 21. exf6 Bxf6 22. Ne4 Bxb2+ 23. Kb1 Bf5 24. Rxg5+ Ng6 25. Bxf7+ Kxf7 26. Rxf5+ Qxf5 27. Kxb2 Kg7 28. Qc4 Ne7 29. Qd4+ Kg8 30. Nd6 Qf8 31. Re1 Nd5 32. Re6 Rd8 33. Rg6+ Kh7 34. Qd3 Kh8 35. Ne5 1-0

[Event "CAN-ch"]
[Site "Toronto CAN"]
[Date "2004.08.20"]
[Round "1"]
[White "Huber, Gregory"]
[Black "Anastasovski, Nikola"]
[Result "1-0"]
[WhiteElo "2219"]
[BlackElo "2225"]
[PlyCount "41"]
[GameId "2160767911077817"]
[EventDate "2004.08.20"]
[EventType "swiss"]
[EventRounds "11"]
[EventCountry "CAN"]
[SourceTitle "CBM 101 Extra"]
[Source "ChessBase"]
[SourceDate "2004.09.01"]
[SourceVersion "2"]
[SourceVersionDate "2004.09.01"]
[SourceQuality "1"]

1. e4 e5 2. Nc3 Bc5 3. f4 Bxg1 4. Rxg1 exf4 5. d4 Qh4+ 6. g3 fxg3 7. Rxg3 Nf6 8. Bg5 Qxh2 9. Qf3 d6 10. O-O-O Nh5 11. Rh3 Bxh3 12. Qxh5 O-O 13. Bxh3 f5 14. Qh4 h6 15. Bf4 g5 16. Bxg5 hxg5 17. Qxg5+ Kf7 18. Qxf5+ Kg7 19. Qg5+ Kh7 20. Qe7+ Kg6 21. Qxf8 1-0

[Event "CAN-ch"]
[Site "Toronto CAN"]
[Date "2004.08.20"]
[Round "1"]
[White "Lavin, David"]
[Black "Day, Lawrence"]
[Result "1/2-1/2"]
[WhiteElo "2225"]
[BlackElo "2266"]
[PlyCount "27"]
[GameId "2160767911077818"]
[EventDate "2004.08.20"]
[EventType "swiss"]
[EventRounds "11"]
[EventCountry "CAN"]
[SourceTitle "CBM 101 Extra"]
[Source "ChessBase"]
[SourceDate "2004.09.01"]
[SourceVersion "2"]
[SourceVersionDate "2004.09.01"]
[SourceQuality "1"]

1. d4 g6 2. c4 Bg7 3. e4 d6 4. Nc3 Nd7 5. Nf3 e6 6. Be2 Ne7 7. O-O O-O 8. b3 b6 9. Bb2 Bb7 10. Re1 a6 11. Qd2 h6 12. Rad1 Qe8 13. b4 Rd8 14. a4 1/2-1/2

[Event "CAN-ch"]
[Site "Toronto CAN"]
[Date "2004.08.20"]
[Round "1"]
[White "Peng, David Yu"]
[Black "Golts, Roman"]
[Result "1/2-1/2"]
[WhiteElo "2038"]
[BlackElo "2216"]
[PlyCount "61"]
[GameId "2160767911077821"]
[EventDate "2004.08.20"]
[EventType "swiss"]
[EventRounds "11"]
[EventCountry "CAN"]
[SourceTitle "CBM 101 Extra"]
[Source "ChessBase"]
[SourceDate "2004.09.01"]
[SourceVersion "2"]
[SourceVersionDate "2004.09.01"]
[SourceQuality "1"]

1. d4 Nf6 2. Nf3 d5 3. c4 c6 4. cxd5 cxd5 5. Nc3 Nc6 6. Bf4 a6 7. e3 Bf5 8. Bd3 Bxd3 9. Qxd3 e6 10. O-O Be7 11. Ne5 O-O 12. Rac1 Nxe5 13. Bxe5 b5 14. a3 Nd7 15. Bf4 Rc8 16. Na2 Qb6 17. h3 Rc4 18. Rc3 Nf6 19. Bg5 h6 20. Bxf6 Bxf6 21. b3 Rxc3 22. Qxc3 Qd6 23. Nb4 a5 24. Nd3 Qxa3 25. Ra1 b4 26. Rxa3 bxc3 27. Rxa5 Rc8 28. Ra1 Be7 29. Rc1 c2 30. Nc5 Bxc5 31. Rxc2 1/2-1/2

[Event "CAN-ch"]
[Site "Toronto CAN"]
[Date "2004.08.20"]
[Round "1"]
[White "Tessier, Olivier"]
[Black "Urquhart, Eddie"]
[Result "1-0"]
[WhiteElo "2141"]
[BlackElo "2197"]
[PlyCount "133"]
[GameId "2160767911077822"]
[EventDate "2004.08.20"]
[EventType "swiss"]
[EventRounds "11"]
[EventCountry "CAN"]
[SourceTitle "CBM 101 Extra"]
[Source "ChessBase"]
[SourceDate "2004.09.01"]
[SourceVersion "2"]
[SourceVersionDate "2004.09.01"]
[SourceQuality "1"]

1. e4 c6 2. d4 d5 3. exd5 cxd5 4. c4 Nf6 5. Nf3 g6 6. cxd5 Bg7 7. Bb5+ Nbd7 8. Nc3 O-O 9. d6 exd6 10. O-O a6 11. Bxd7 Qxd7 12. Bg5 b5 13. Bxf6 Bxf6 14. Ne4 Bg7 15. Qd2 Bb7 16. Rfe1 Rfe8 17. Qf4 Bxe4 18. Rxe4 Rxe4 19. Qxe4 Re8 20. Qd3 Qc6 21. h3 Qd5 22. b3 Bf6 23. Qd2 Kg7 24. Re1 Rxe1+ 25. Qxe1 g5 26. Qe2 a5 27. Qd1 h5 28. Nh2 Qxd4 29. Qxh5 Qa1+ 30. Nf1 Qxa2 31. Ne3 Qb1+ 32. Kh2 Qg6 33. Qg4 b4 34. g3 Be5 35. Kg2 Kh7 36. Nc4 Bc3 37. Nxa5 d5 38. Nb7 d4 39. Nc5 d3 40. Kf1 d2 41. Ke2 f5 42. Qc4 g4 43. hxg4 fxg4 44. Qe4 Kh6 45. Qxg6+ Kxg6 46. Ne4 Kf5 47. Nxd2 Ke5 48. Nc4+ Ke4 49. Ne3 Bg7 50. Nxg4 Kd4 51. Kd2 Ke4 52. Ke2 Kd4 53. Kd2 Ke4 54. Nh2 Bh6+ 55. f4 Bf8 56. Ke2 Kd4 57. Nf3+ Kc3 58. Nd2 Kd4 59. g4 Bd6 60. Kf3 Bf8 61. g5 Kc3 62. f5 Kxd2 63. f6 Kc3 64. g6 Kxb3 65. g7 Bxg7 66. fxg7 Kc2 67. g8=Q 1-0

[Event "CAN-ch"]
[Site "Toronto CAN"]
[Date "2004.08.20"]
[Round "1"]
[White "Zugic, Igor"]
[Black "Jung, Hans"]
[Result "1-0"]
[WhiteElo "2465"]
[BlackElo "2196"]
[PlyCount "79"]
[GameId "2160767911077823"]
[EventDate "2004.08.20"]
[EventType "swiss"]
[EventRounds "11"]
[EventCountry "CAN"]
[SourceTitle "CBM 101 Extra"]
[Source "ChessBase"]
[SourceDate "2004.09.01"]
[SourceVersion "2"]
[SourceVersionDate "2004.09.01"]
[SourceQuality "1"]

1. c4 c5 2. Nc3 Nc6 3. Nf3 g6 4. g3 Bg7 5. Bg2 e5 6. O-O Nge7 7. a3 O-O 8. d3 d6 9. Rb1 h6 10. b4 f5 11. Bd2 g5 12. e3 cxb4 13. axb4 Ng6 14. Ne1 f4 15. Be4 Nce7 16. Qh5 Rf6 17. Ng2 Bf5 18. exf4 gxf4 19. Nd5 Rf7 20. Nxe7+ Nxe7 21. gxf4 Qd7 22. fxe5 Bxe5 23. f4 Bd4+ 24. Kh1 Bxe4 25. dxe4 Qe6 26. Qe2 Re8 27. Qd3 Qf6 28. f5 Be5 29. Qh3 Nc6 30. b5 Nd4 31. Nf4 Bxf4 32. Rxf4 Kf8 33. Rg4 Qe5 34. Qh4 Ree7 35. Qxh6+ Ke8 36. Qf4 Qc5 37. Bb4 Qxc4 38. Rg8+ Rf8 39. Rxf8+ Kxf8 40. Bxd6 1-0

[Event "CAN-ch"]
[Site "Toronto CAN"]
[Date "2004.08.20"]
[Round "1.1"]
[White "Spraggett, Kevin"]
[Black "Jiganchine, Roman"]
[Result "1-0"]
[WhiteElo "2630"]
[BlackElo "2218"]
[PlyCount "71"]
[GameId "2160767911077824"]
[EventDate "2004.08.20"]
[EventType "swiss"]
[EventRounds "11"]
[EventCountry "CAN"]

1. e4 e5 2. Nf3 Nc6 3. Bb5 a6 4. Ba4 b5 5. Bb3 Na5 6. O-O Bb7 7. Nxe5 Nxb3 8. axb3 Nf6 9. Re1 Be7 10. d3 d5 11. exd5 Nxd5 12. d4 O-O 13. Nd2 c5 14. Ndf3 cxd4 15. Nxd4 Rc8 16. c3 Qc7 17. Nf5 Bf6 18. Ng4 Rcd8 19. Qf3 Rfe8 20. Bd2 h5 21. Nxf6+ Nxf6 22. Qf4 Qxf4 23. Bxf4 Ne4 24. b4 g6 25. Nd4 Nf6 26. Bg5 Rxe1+ 27. Rxe1 Re8 28. Rd1 Ne4 29. Bc1 Rd8 30. f3 Nf6 31. Bg5 Rd6 32. Bxf6 Rxf6 33. Nb3 Kg7 34. h4 Bc8 35. Rd8 Rc6 36. Kf2 1-0

[Event "CAN-ch"]
[Site "Toronto CAN"]
[Date "2004.08.20"]
[Round "1.2"]
[White "Schmidt, Tom"]
[Black "Tyomkin, Dimitri"]
[Result "0-1"]
[WhiteElo "2216"]
[BlackElo "2550"]
[PlyCount "64"]
[GameId "2160767911077825"]
[EventDate "2004.08.20"]
[EventType "swiss"]
[EventRounds "11"]
[EventCountry "CAN"]

1. e4 c5 2. Nf3 Nc6 3. d4 cxd4 4. Nxd4 Nf6 5. Nc3 d6 6. Bg5 e6 7. Qd2 a6 8. O-O-O Be7 9. f4 Bd7 10. Nf3 b5 11. e5 b4 12. exf6 bxc3 13. Qxc3 gxf6 14. Bh6 d5 15. Nd4 Nb4 16. Kb1 Rg8 17. Qf3 Rg6 18. Qh5 e5 19. f5 Rxh6 20. Qxh6 exd4 21. Qxh7 Nc6 22. Be2 Ne5 23. Rhe1 Qb6 24. Bf3 Bc6 25. Bh5 O-O-O 26. Bxf7 Bb4 27. Be6+ Kb8 28. Rg1 Nc4 29. b3 Na3+ 30. Kc1 Qc5 31. c4 dxc4 32. bxc4 Nxc4 0-1

[Event "CAN-ch"]
[Site "Toronto CAN"]
[Date "2004.08.20"]
[Round "1.5"]
[White "Bluvshtein, Mark"]
[Black "Cazelais, Marc"]
[Result "1-0"]
[WhiteElo "2520"]
[BlackElo "2192"]
[PlyCount "87"]
[GameId "2160767911077827"]
[EventDate "2004.08.20"]
[EventType "swiss"]
[EventRounds "11"]
[EventCountry "CAN"]

1. e4 c5 2. Nf3 Nc6 3. d4 cxd4 4. Nxd4 Nf6 5. Nc3 e5 6. Ndb5 d6 7. Bg5 a6 8. Na3 b5 9. Bxf6 gxf6 10. Nd5 Bg7 11. Bd3 Ne7 12. Nxe7 Qxe7 13. O-O f5 14. c4 O-O 15. Qe2 Bb7 16. exf5 bxc4 17. Nxc4 d5 18. Na5 e4 19. Bc2 Qc7 20. Nxb7 Qxb7 21. Rad1 Rad8 22. Rd2 Rfe8 23. Qg4 Qb6 24. Rfd1 Kh8 25. g3 e3 26. fxe3 Bh6 27. Kg2 Bxe3 28. Rxd5 Rxd5 29. Rxd5 Qxb2 30. Qc4 Qb7 31. Kh3 Qc8 32. Qd3 Bg5 33. Bb3 Kg7 34. Rd7 Re7 35. Qd4+ Bf6 36. Qg4+ Kf8 37. Rxe7 Bxe7 38. Qh5 Qe8 39. Qxh7 Bf6 40. Qh6+ Ke7 41. Qe3+ Kf8 42. Qa7 Qe7 43. Qxa6 Qe5 44. Qc8+ 1-0